[Event "Muscat-ch op"]
[Site "Muscat"]
[Date "2024.12.31"]
[Round "9"]
[White "Al Harrasi, Omar"]
[Black "Ilaan, Shafeek"]
[Result "1/2-1/2"]
[WhiteElo "1439"]
[BlackElo "1607"]
[PlyCount "112"]
[EventDate "2024.12.26"]
[EventType "swiss"]
[EventRounds "9"]
[EventCountry "OMN"]
[SourceTitle "CB01_2025"]
[SourceDate "2025.01.01"]
[SourceVersion "1"]
[SourceVersionDate "2025.01.01"]
[SourceQuality "1"]

1. e4 e5 2. Nf3 Nc6 3. Bb5 Bc5 4. 0-0 d6 5. d4 exd4 6. Nxd4 Bd7 7. Nxc6 Bxc6 8. Bxc6+ bxc6 9. c3 Nf6 10. b4 Bb6 11. Re1 0-0 12. a4 a6 13. a5 Ba7 14. Bg5 h6 15. Bh4 Qe7 16. Qf3 Qe6 17. Bxf6 Qxf6 18. Qxf6 gxf6 19. Nd2 Rfe8 20. Nf3 Re7 21. Rad1 Rae8 22. Nd4 Bxd4 23. Rxd4 d5 24. Kf1 f5 25. f3 fxe4 26. fxe4 dxe4 27. Kf2 e3+ 28. Kf3 e2 29. Rd2 Re3+ 30. Kf2 Rxc3 31. Rdxe2 Rxe2+ 32. Rxe2 Kf8 33. Re3 Rc4 34. Rb3 Ke7 35. Rb2 Ke6 36. Ke3 Ke5 37. Kd3 Rd4+ 38. Kc3 Re4 39. h3 Re3+ 40. Kc4 f5 41. Rc2 Kd6 42. Rd2+ Ke6 43. Rd8 Rg3 44. Ra8 Rxg2 45. Rxa6 Kd7 46. Ra8 Rg3 47. Rf8 Rxh3 48. Rxf5 h5 49. a6 Ra3 50. Rf7+ Kd8 51. b5 cxb5+ 52. Kxb5 h4 53. Rh7 h3 54. Kb4 Rxa6 55. Rxh3 Kd7 56. Rh7+ Kc8 1/2-1/2